Quizzes
Events
Quiz Creation
Community
Videos
Private Events
Remove Ads
Sign In
Join for FREE
Feedback
Dark Mode
Quiz Categories
Sports
Geography
Music
Movies
Television
Just For Fun
Miscellaneous
History
Literature
Language
Science
Gaming
Entertainment
Religion
Holiday
For Kids
Quiz Lab
Recent
Popular Today
Quiz Kudos Today
Editor Picks
Curator Picks
Quizzes by...
Day
Popularity
Type
Ratings
Length
Year
Community
Subscriptions
Recent Discussions
Orange Saloon
Badges
Playlists
Quests
Create
Leaderboards
Showdown
Live 5
Trivia Bingo
Activity
Puzzle Library
Sporcle Events
Private Events
Virtual Trivia
Globe League
Become a Host
Pub Owners
SporcleCon
Opinionation
Our Games
Videos
Blog
Mobile Apps
Partnerships
Remove Ads and Go Orange
Feedback
Sports
Athletes
MLB
NBA
NHL
NFL
Soccer
Sports Teams
WWE
NCAA
Football
Premier League
Basketball
Baseball
Hockey
Golf
Tennis
Cricket
Rugby
Auto Racing
Olympics
World Cup
Sports
Athletes
MLB
NBA
NHL
NFL
Soccer
Sports Teams
WWE
NCAA
Football
Premier League
Basketball
Baseball
Hockey
Golf
Tennis
Cricket
Rugby
Auto Racing
Olympics
World Cup
Random Quiz
Search Sporcle
×
Quiz Lab
Quiz Lab
Sports
Los Angeles Lakers
Type in answers that appear in a list
Type in answers that appear in a list
Classic
Best Score? Go Orange.
Los Angeles Lakers Leading Scorer per year Stats
Can you name the Los Angeles Lakers Leading Scorer per year?
By
codyvarn95
10m
68 Questions
224 Plays
224 Plays
224 Plays
Comments
Comments
Give Quiz Kudos
Give Quiz Kudos
-
- Ratings
hide this ad
Replay
Link that replays current quiz
Next Quiz
Link to next quiz in quiz playlist
You Got
0%
They Got
Avg Score
80%
Avg Friend Score
Upgrade to see
Score Distribution
Jump to the score distribution portion of the page
Score
0/68
Timer
10:00
0
Plays Today
Year
Player
% Correct
2013
Kobe Bryant
100%
2012
Kobe Bryant
100%
2011
Kobe Bryant
100%
2010
Kobe Bryant
100%
2009
Kobe Bryant
100%
2008
Kobe Bryant
100%
2007
Kobe Bryant
100%
2006
Kobe Bryant
100%
2005
Kobe Bryant
100%
2004
Kobe Bryant
100%
2003
Kobe Bryant
100%
2002
Kobe Bryant
100%
2001
Shaquille O'Neal
96.4%
2000
Shaquille O'Neal
96.4%
1999
Shaquille O'Neal
96.4%
1998
Shaquille O'Neal
96.4%
1990
Magic Johnson
96%
1989
Magic Johnson
96%
1987
Magic Johnson
96%
1986
Kareem Abdul-Jabbar
96%
1985
Kareem Abdul-Jabbar
96%
1984
Kareem Abdul-Jabbar
96%
1983
Kareem Abdul-Jabbar
96%
1982
Kareem Abdul-Jabbar
96%
1981
Kareem Abdul-Jabbar
96%
1980
Kareem Abdul-Jabbar
96%
1979
Kareem Abdul-Jabbar
96%
1978
Kareem Abdul-Jabbar
96%
1977
Kareem Abdul-Jabbar
96%
1976
Kareem Abdul-Jabbar
96%
1971
Jerry West
92.4%
1970
Jerry West
92.4%
1967
Jerry West
92.4%
1966
Jerry West
92.4%
Year
Player
% Correct
1965
Jerry West
92.4%
1964
Jerry West
92.4%
1962
Jerry West
92.4%
1991
James Worthy
87.5%
1969
Elgin Baylor
84.8%
1968
Elgin Baylor
84.8%
1963
Elgin Baylor
84.8%
1961
Elgin Baylor
84.8%
1960
Elgin Baylor
84.8%
1959
Elgin Baylor
84.8%
1954
George Mikan
84.8%
1953
George Mikan
84.8%
1952
George Mikan
84.8%
1951
George Mikan
84.8%
1950
George Mikan
84.8%
1949
George Mikan
84.8%
1988
Byron Scott
67%
1975
Gail Goodrich
65.2%
1974
Gail Goodrich
65.2%
1973
Gail Goodrich
65.2%
1972
Gail Goodrich
65.2%
1997
Eddie Jones
62.5%
2016
Jordan Clarkson
58.9%
1994
Vlade Divac
58.9%
1996
Cedric Ceballos
45.5%
1958
Vern Mikkelsen
34.8%
1955
Vern Mikkelsen
34.8%
1993
Sedale Threatt
25.9%
1992
Sedale Threatt
25.9%
2015
Jordan Hill
23.2%
2014
Jodie Meeks
21.9%
1995
Nick Van Exel
20.5%
1957
Clyde Lovellette
12.1%
1956
Clyde Lovellette
12.1%
Quiz Playlist
Details
Report
Send in Message
Add To Playlist
Classic:
Type in answers that appear in a list
Last Updated: Feb 16, 2017
Quiz Scoreboard
CHALLENGE
Sign Up to Join the Scoreboard
Show All
Scores
Hide
Comments
May contain spoilers
Recently Published
Billboard Blitz: Fleetwood Mac
by CooCooCachoo
Music
15s
Presidents Visiting Landmarks
by Hejman
History
7m
An Introduction to Baseball
by treessimontrees
Sports
5m
More to Explore
Quiz From the Vault
Featured Blog Post
Where Did the Easter Bunny Come From?
hide this ad
You Might Also Like...
Tags
Los Angeles Lakers
Today's Top Quizzes in Sports
Browse Sports
hide this ad
Today's Top Quizzes in Los Angeles Lakers
Browse Los Angeles Lakers
Top Contributed Quizzes in Sports
1
Les meilleurs buteurs des matchs entre le PSG et l’OM
2
2022 World Cup Stars
3
FIFA Club World Cup Champions
4
Les entraîneurs de l'OM et du PSG au 21e siècle
5
Criteria MLB: Left Handed Sluggers
6
Name the Premier League winners with different clubs
7
5-to-1: UK Sports Teams
8
AFC Teams Reveal (Wrong Answers Minefield)
9
Players with Multiple 50 Home Run Seasons
10
5-to-1: FBS Animal Nicknames
Explore More
Trending Topics
Marvel
Disney
Anime
Crossword
Harry Potter
NBA
Kpop
The Office
Country
Pokémon
NFL
Puzzle
Song
Soccer
WWE
hide this ad
More By:
codyvarn95
Quiz
Plays
Rating
Category
Featured
Created
NBA Top 100 in points rebounds and assists
1,522
4.20
Sports
Sep 19, 2016
Top NBA total points leading Scorer every year
471
1.40
Sports
Aug 29, 2016
1970's NCAA Basketball All-Americans
406
4.00
Sports
Aug 28, 2016
1980's NCAA Basketball All-Americans
233
Sports
Aug 28, 2016
Los Angeles Lakers Leading Scorer per year
224
3.67
Sports
Aug 30, 2016
Go to Creator's Profile
Score Distribution
Quiz Creator Spotlight
codyvarn95
Follow
Send a Message
Quizzes Created
-
Created Quiz Play Count
-
More By This Creator
Popular Quizzes Today
1
Find the US States - No Outlines Minefield
2
Find the Countries of Europe - No Outlines Minefield
3
The Countries of the World
4
Find the US States
5
US States
6
Risky Map Clicking: Biggest States A-Z
7
Popular People in 1961
8
Movies - When Are They Set?
More Sports Quizzes
First XI: Mason Mount
Quiz Lab
Trending Quizzes
Risky Map Clicking: Least Populous States A-Z
1-10 Letter G Words
1-10 Letter F Words
Risky Map Clicking: Next State Alphabetically
Risky Map Clicking: Biggest States A-Z
Recently Updated
Leaping Animals
pecheneg
Reality TV Shows (A-Z)
bhenderson79
Rickey Henderson's Hall of Fame Teammates
pecheneg
Champions League XIs: Arsenal
pecheneg
Quick Pick: Celebrities in WWE's Hall of Fame
aduchscher
A-Z Keypad Blitz II
pecheneg
Multiple Oscar Actors
pecheneg
Mystery Phrase Blitz: Oscar 'Best Actors'
pecheneg
F. Scott Fitzgerald Novels
LTH
Pick 3 Villains
ddd62291
Trending Topics
Marvel
Anime
Disney
Kpop
Crossword
Harry Potter
NBA
WWE
The Office
NFL
Puzzle
Song
Country
Soccer
Pokémon
Your Account Isn't Verified!
In order to create a playlist on Sporcle, you need to verify the email address you used during registration. Go to your
Sporcle Settings
to finish the process.
Report this User
Report this user for behavior that violates our
Community Guidelines
.
Details:
Send Report
Go to the Sporcle.com Mobile Site →
Comments